000 01007nam a2200301Ia 4500
005 20220317001332.0
008 161108s2003 sp a g 000 0 spa
020 _a8484642038
100 1 _aVoltz, Christian
_d1967-
245 _aYo no he sido!
_cChristian Voltz ; traducción al castellano Luisa Morandeira
250 _a1a. edición
300 _a[34] páginas
_bilustraciones en color
_c23 cm
490 _aLibros para soñar
534 _tC`est pas ma fautel
650 1 4 _2LEMB
_aÁlbumes franceses
_ySiglo XX
650 1 4 _2LEMB
_aLiteratura francesa
_ySiglo XX
650 1 4 _2LEMB
_aAnimales en la literatura
650 1 4 _2LEMB
_aLibros ilustrados para niños
700 1 _aVoltz, Christian
_970901
700 1 _aMorandeira, Luísa
_958024
942 _2loc
_cBK
264 _aPontevedra
_bKalandraka
_c2003
336 _atexto
_btxt
_2rdacontent
337 _asin mediación
_bn
_2rdamedia
338 _avolumen
_bnc
_2rdacarrier
040 _aCO-BoRNBP
_bspa
_erda
_cCO-BoRNBP
084 _aA VOL3
999 _c6655
_d6655